00841nam a2200241Ia 450000500170000000800410001702000170005808200210007524501190009625000180021530000250023350000420025865000090030065000330030965000440034265000350038670000330042126400220045433600270047633700330050333800280053604000350056420220317001334.0161108s9999 ck g 000 0 spa  a97895870447604a070.44861bA57a1 aAntología de grandes crónicas colombianas, tomo IIb1949-2007cselección y prólogo de Daniel Samper Pizano a2a. edición a352 páginasc24 cm aIncluye datos biográficos del autor142LEMB142LEMBaPeriodismo zColombia 142LEMBaReportajes y1949-2004zColombia 142LEMBaPeriodistas colombianos 1 aSamper Pizano, Danield1945- aBogotábAguilar atextobtxt2rdacontent asin mediaciónbn2rdamedia avolumenbnc2rdacarrier aCO-BoRNBPbspaerdacCO-BoRNBP